[Event "GRE-ch U18"]
[Site "Greece"]
[Date "2009.01.04"]
[Round "4"]
[White "Apostolou, Elias"]
[Black "Liaskos, Leonidas"]
[Result "0-1"]
[WhiteElo "1812"]
[BlackElo "1997"]
[PlyCount "142"]
[EventDate "2009.01.02"]
[EventType "swiss"]
[EventRounds "9"]
[EventCountry "GRE"]
[SourceTitle "EXT 2011"]
[Source "ChessBase"]
[SourceDate "2010.11.26"]
[SourceVersion "1"]
[SourceVersionDate "2010.11.26"]
[SourceQuality "1"]

1. e4 e6 2. d4 d5 3. Nd2 Nc6 4. Ngf3 Nf6 5. e5 Nd7 6. Bd3 f6 7. exf6 Qxf6 8. Nb3 Bd6 9. Bg5 Qf7 10. Qe2 0-0 11. Bh4 Bf4 12. Ng5 Bxg5 13. Bxg5 e5 14. dxe5 Ndxe5 15. 0-0 Nxd3 16. Qxd3 Bf5 17. Qd2 Ne5 18. Nd4 Bd7 19. Qc3 c6 20. Rae1 Rae8 21. f3 Qg6 22. Bh4 Nc4 23. b3 Nd6 24. Re7 Rxe7 25. Bxe7 Re8 26. Re1 Bh3 27. g3 Ne4 28. fxe4 Rxe7 29. e5 Qe8 30. Qe3 c5 31. Nf3 b6 32. Qd3 Qf7 33. Ng5 Bf5 34. Qf3 Qg6 35. Qxd5+ Kf8 36. Qd8+ Re8 37. Qd2 h6 38. Nf3 Bxc2 39. Nh4 Qd3 40. Qxd3 Bxd3 41. Kf2 Ke7 42. Ke3 Bh7 43. Nf3 Ke6 44. Rd1 Ke7 45. g4 Rd8 46. Re1 Ke6 47. h4 Rd3+ 48. Kf4 Bg6 49. Re2 Be8 50. h5 Bc6 51. Nd2 Rd4+ 52. Kg3 Bb5 53. Rf2 Rd3+ 54. Kf4 Rd4+ 55. Kg3 Kxe5 56. Nf3+ Ke4 57. Nxd4 cxd4 58. a4 Ba6 59. b4 Bc4 60. Rc2 Kd3 61. Rf2 Kc3 62. Kf4 d3 63. Ke3 Kxb4 64. Rf4 Kc3 65. Rd4 a6 66. Rd6 b5 67. Rxa6 b4 68. Rb6 b3 69. a5 b2 70. a6 d2 71. Rxb2 d1Q 0-1